[Event "Pardubice Czech op-E 33rd"]
[Site "Pardubice"]
[Date "2022.07.16"]
[Round "5.2"]
[White "Butkiewicz, Lukasz"]
[Black "Svoboda, Karel"]
[Result "1-0"]
[WhiteElo "2370"]
[BlackElo "1962"]
[PlyCount "95"]
[EventDate "2022.07.14"]
[EventType "team-swiss"]
[EventRounds "7"]
[EventCountry "CZE"]
[SourceTitle "CBM 209 Extra"]
[Source "ChessBase"]
[SourceDate "2022.09.30"]
[SourceVersion "1"]
[SourceVersionDate "2022.09.30"]
[SourceQuality "1"]
[WhiteTeam "Kamikadze"]
[BlackTeam "Cerebro"]
[WhiteTeamCountry "POL"]
[BlackTeamCountry "CZE"]

1. d4 d5 2. c4 e6 3. Nc3 Nf6 4. cxd5 Nxd5 5. e4 Nf6 6. Nf3 Be7 7. Bd3 0-0 8. 0-0 c5 9. dxc5 Bxc5 10. Bg5 Be7 11. Qe2 Nfd7 12. Bxe7 Qxe7 13. e5 Rd8 14. Rad1 Nf8 15. Nb5 Nc6 16. Nd6 Ng6 17. Bxg6 hxg6 18. Qe4 a5 19. Qf4 Bd7 20. Ng5 f6 21. exf6 gxf6 22. Nge4 f5 23. Nxb7 fxe4 24. Nxd8 Rxd8 25. Qxe4 Be8 26. h3 Rxd1 27. Rxd1 e5 28. a3 Kg7 29. Qe3 Qf6 30. Re1 Bf7 31. Qc5 a4 32. Re3 Bb3 33. Rf3 Qe6 34. Qf8+ Kh7 35. Rc3 Qd5 36. h4 e4 37. Qf6 Ne5 38. Rc7+ Nf7 39. Qf4 Qf5 40. Qe3 Qe5 41. Rc5 Qxb2 42. h5 Qb1+ 43. Kh2 g5 44. Qh3 e3 45. Qxe3 Bc2 46. Rc7 Qb8 47. Qg3 Kg8 48. Rxc2 1-0

[Event "Pardubice Czech op-E 32nd"]
[Site "Pardubice"]
[Date "2021.07.17"]
[Round "4.3"]
[White "Svoboda, Karel"]
[Black "Hollan, Petr"]
[Result "0-1"]
[WhiteElo "1962"]
[BlackElo "2303"]
[PlyCount "46"]
[EventDate "2021.07.15"]
[EventType "team-swiss"]
[EventRounds "7"]
[EventCountry "CZE"]
[SourceTitle "CBM 203 Extra"]
[Source "ChessBase"]
[SourceDate "2021.09.30"]
[SourceVersion "1"]
[SourceVersionDate "2021.09.30"]
[SourceQuality "1"]
[WhiteTeam "Cerebro"]
[BlackTeam "Praha Oaza"]
[WhiteTeamCountry "CZE"]
[BlackTeamCountry "CZE"]

1. e4 c5 2. Nf3 Nc6 3. d4 cxd4 4. Nxd4 Nf6 5. Nc3 e5 6. Ndb5 d6 7. Nd5 Nxd5 8. exd5 Nb8 9. c4 f5 10. f4 a6 11. Nc3 Nd7 12. Be3 g6 13. Be2 Bg7 14. Qd2 0-0 15. 0-0 Re8 16. Kh1 exf4 17. Bxf4 Ne5 18. Rac1 Bd7 19. b4 a5 20. a3 axb4 21. axb4 Nf7 22. c5 Qe7 23. Bb5 Bxc3 0-1

[Event "Litomysl op 12th"]
[Site "Litomysl"]
[Date "2010.12.27"]
[Round "2"]
[White "Svoboda, Karel"]
[Black "Heinzel, Olaf"]
[Result "0-1"]
[WhiteElo "2043"]
[BlackElo "2328"]
[PlyCount "104"]
[EventDate "2010.12.26"]
[EventType "swiss"]
[EventRounds "9"]
[EventCountry "CZE"]
[SourceTitle "CBM 140 Extra"]
[Source "ChessBase"]
[SourceDate "2011.03.01"]
[SourceVersion "1"]
[SourceVersionDate "2011.03.01"]
[SourceQuality "1"]

1. e4 d5 2. exd5 Qxd5 3. Nc3 Qd6 4. d4 Nf6 5. Be2 c6 6. Nf3 g6 7. h3 Bg7 8. 0-0 0-0 9. Be3 Nbd7 10. Qc1 Nb6 11. Bh6 Be6 12. Bxg7 Kxg7 13. Bd3 Bc4 14. Bxc4 Nxc4 15. b3 Nb6 16. Re1 a5 17. Ne4 Nxe4 18. Rxe4 Nd5 19. c4 Nf6 20. Re1 a4 21. Qe3 e6 22. Rad1 axb3 23. axb3 Qb4 24. Nd2 Rfd8 25. Qe5 Ra5 26. Qg3 Rxd4 27. Nf1 Rxd1 28. Rxd1 Ra2 29. Qe3 Qa5 30. Ng3 Ra1 31. Rxa1 Qxa1+ 32. Kh2 h5 33. Ne2 Qa5 34. Nd4 Qc7+ 35. g3 Qd6 36. Kg2 Nd7 37. g4 hxg4 38. hxg4 Qe5 39. Qd3 Nc5 40. Qc3 Kg8 41. b4 Na4 42. Qd2 Qd6 43. c5 Qd5+ 44. f3 e5 45. Qc2 exd4 46. Qxa4 d3 47. Qd1 d2 48. Kf2 Qd4+ 49. Ke2 Qxb4 50. Qxd2 Qxc5 51. g5 Qd5 52. Qb4 Qb5+ 0-1

[Event "CZE-chT U20 final-A 0910"]
[Site "Pavla Vlachovice"]
[Date "2010.04.24"]
[Round "9.1"]
[White "Vlasak, Lukas"]
[Black "Svoboda, Karel"]
[Result "1-0"]
[WhiteElo "2208"]
[BlackElo "2034"]
[PlyCount "77"]
[EventDate "2010.04.23"]
[EventType "team-tourn"]
[EventRounds "11"]
[EventCountry "CZE"]
[SourceTitle "EXT 2011"]
[Source "ChessBase"]
[SourceDate "2010.11.26"]
[SourceVersion "1"]
[SourceVersionDate "2010.11.26"]
[SourceQuality "1"]
[WhiteTeam "Klatovy (U20)"]
[BlackTeam "Brno (U20)"]
[WhiteTeamCountry "CZE"]
[BlackTeamCountry "CZE"]

1. e4 e5 2. Nf3 Nc6 3. Bb5 a6 4. Ba4 Nf6 5. 0-0 Be7 6. Re1 b5 7. Bb3 d6 8. c3 0-0 9. h3 Na5 10. Bc2 c5 11. d4 Qc7 12. d5 Bd7 13. Nbd2 c4 14. Nf1 Nb7 15. g4 Rfc8 16. Ng3 Nc5 17. Kh2 a5 18. Nf5 Bxf5 19. gxf5 b4 20. Qe2 bxc3 21. bxc3 Nd3 22. Rg1 Nxc1 23. Raxc1 Rab8 24. Rb1 Qc5 25. Rxb8 Rxb8 26. Rb1 Rxb1 27. Bxb1 Bd8 28. Nd2 Qb6 29. Bc2 Qb2 30. Nxc4 Qxc3 31. Nxd6 Qd4 32. Nb5 Qc5 33. Bd3 Bb6 34. Qc2 Qxf2+ 35. Qxf2 Bxf2 36. Nd6 Nd7 37. Kg2 Be1 38. Bb5 Nb6 39. Nb7 1-0

[Event "CZE-chTE U20 0910"]
[Site "Czech Republic"]
[Date "2010.01.23"]
[Round "6.1"]
[White "Gabriel, Adam"]
[Black "Svoboda, Karel"]
[Result "1-0"]
[WhiteElo "2049"]
[BlackElo "2063"]
[PlyCount "63"]
[EventDate "2009.10.03"]
[EventType "team-tourn"]
[EventRounds "7"]
[EventCountry "CZE"]
[SourceTitle "EXT 2011"]
[Source "ChessBase"]
[SourceDate "2010.11.26"]
[SourceVersion "1"]
[SourceVersionDate "2010.11.26"]
[SourceQuality "1"]
[WhiteTeam "Borsice (U20)"]
[BlackTeam "Brno (U20)"]
[WhiteTeamCountry "CZE"]
[BlackTeamCountry "CZE"]

1. d4 d5 2. Bf4 Nf6 3. Nf3 e6 4. Nbd2 Be7 5. e3 b6 6. c3 0-0 7. Bd3 Ba6 8. Bc2 c5 9. Ne5 Qc8 10. h3 Nc6 11. Ndf3 cxd4 12. exd4 b5 13. Nxc6 Qxc6 14. Ne5 Qb7 15. a3 Rac8 16. g4 Rfd8 17. f3 Nd7 18. h4 Nf8 19. Kf2 f6 20. Nd3 Qb6 21. Kg3 Bd6 22. Bxd6 Qxd6+ 23. f4 Re8 24. Re1 b4 25. axb4 Bxd3 26. Qxd3 e5 27. dxe5 fxe5 28. Bb3 exf4+ 29. Kh3 Red8 30. Rxa7 Ng6 31. Qd4 Rc7 32. Qxd5+ 1-0

[Event "CZE-chTE U20 0910"]
[Site "Czech Republic"]
[Date "2009.10.04"]
[Round "3.1"]
[White "Kracik, Tomas"]
[Black "Svoboda, Karel"]
[Result "1/2-1/2"]
[WhiteElo "2112"]
[BlackElo "2063"]
[PlyCount "30"]
[EventDate "2009.10.03"]
[EventType "team-tourn"]
[EventRounds "7"]
[EventCountry "CZE"]
[SourceTitle "EXT 2011"]
[Source "ChessBase"]
[SourceDate "2010.11.26"]
[SourceVersion "1"]
[SourceVersionDate "2010.11.26"]
[SourceQuality "1"]
[WhiteTeam "Rychnov nad Kneznou (U20)"]
[BlackTeam "Brno (U20)"]
[WhiteTeamCountry "CZE"]
[BlackTeamCountry "CZE"]

1. Nf3 d5 2. d4 Nf6 3. b3 e6 4. Bb2 Be7 5. e3 b6 6. Nbd2 0-0 7. Be2 Bb7 8. 0-0 Nbd7 9. Ne5 c5 10. f4 Ne4 11. Ndf3 f5 12. c4 Rc8 13. Rc1 Nef6 14. Qd3 Rc7 15. Rcd1 Qc8 1/2-1/2

[Event "CZE-ch U16"]
[Site "Kouty nad Desnou"]
[Date "2009.03.13"]
[Round "8"]
[White "Svoboda, Karel"]
[Black "Rabatin, Jakub"]
[Result "0-1"]
[WhiteElo "2010"]
[BlackElo "2076"]
[PlyCount "56"]
[EventDate "2009.03.07"]
[EventType "swiss"]
[EventRounds "9"]
[EventCountry "CZE"]
[SourceTitle "EXT 2011"]
[Source "ChessBase"]
[SourceDate "2010.11.26"]
[SourceVersion "1"]
[SourceVersionDate "2010.11.26"]
[SourceQuality "1"]

1. e4 c5 2. Nf3 d6 3. d4 cxd4 4. Nxd4 Nf6 5. Nc3 Nc6 6. f3 e5 7. Nb3 Be7 8. Be3 0-0 9. Qd2 a5 10. Bb5 Na7 11. Be2 Be6 12. 0-0 Nc8 13. f4 exf4 14. Bxf4 d5 15. Bf3 dxe4 16. Qxd8 Rxd8 17. Nxe4 Nd5 18. Bd2 Nb4 19. Bxb4 axb4 20. Nec5 Bxb3 21. Nxb3 Bf6 22. a3 Bxb2 23. Rad1 Nd6 24. axb4 Ra4 25. b5 Rb4 26. Be2 Bf6 27. Rd5 Ne4 28. Rxd8+ Bxd8 0-1

[Event "CZE-chT2E 0809"]
[Site "Czech Republic"]
[Date "2009.02.22"]
[Round "9.5"]
[White "Svoboda, Karel"]
[Black "Perina, Michal"]
[Result "1-0"]
[WhiteElo "2031"]
[BlackElo "2015"]
[PlyCount "50"]
[EventDate "2008.10.12"]
[EventType "team-tourn"]
[EventRounds "11"]
[EventCountry "CZE"]
[SourceTitle "EXT 2010"]
[Source "ChessBase"]
[SourceDate "2010.11.25"]
[SourceVersion "1"]
[SourceVersionDate "2010.11.25"]
[SourceQuality "1"]
[WhiteTeam "Brno Lokomotiva II"]
[BlackTeam "Olomouc"]
[WhiteTeamCountry "CZE"]
[BlackTeamCountry "CZE"]

1. e4 e5 2. Nf3 Nf6 3. Nxe5 d6 4. Nf3 Nxe4 5. d4 d5 6. Bd3 Be7 7. 0-0 Bg4 8. c4 Nc6 9. Re1 0-0 10. cxd5 Nxf2 11. Kxf2 Nxd4 12. Bxh7+ Kxh7 13. Qxd4 Bxf3 14. Qd3+ Kg8 15. Qxf3 c6 16. Be3 Bf6 17. Nc3 cxd5 18. Nxd5 Bxb2 19. Rad1 Re8 20. Kg1 Qa5 21. Bf2 Qxa2 22. Ne7+ Kf8 23. Bc5 Qc4 24. Qf2 b6 25. Bd6 Rad8 1-0

[Event "CZE-chT2E 0809"]
[Site "Czech Republic"]
[Date "2008.11.23"]
[Round "3.6"]
[White "Bacak, Petr Jr"]
[Black "Svoboda, Karel"]
[Result "1/2-1/2"]
[WhiteElo "2039"]
[BlackElo "2031"]
[PlyCount "155"]
[EventDate "2008.10.12"]
[EventType "team-tourn"]
[EventRounds "11"]
[EventCountry "CZE"]
[SourceTitle "EXT 2010"]
[Source "ChessBase"]
[SourceDate "2010.11.25"]
[SourceVersion "1"]
[SourceVersionDate "2010.11.25"]
[SourceQuality "1"]
[WhiteTeam "Zlin II"]
[BlackTeam "Brno Lokomotiva II"]
[WhiteTeamCountry "CZE"]
[BlackTeamCountry "CZE"]

1. e4 e5 2. Nf3 Nc6 3. Bb5 a6 4. Ba4 Nf6 5. 0-0 Be7 6. Re1 b5 7. Bb3 0-0 8. h3 d6 9. c3 Na5 10. Bc2 c5 11. d4 Qc7 12. Nbd2 Bd7 13. Nf1 Rfc8 14. d5 b4 15. cxb4 cxb4 16. Bd3 Nb7 17. Be3 Nc5 18. Bxc5 dxc5 19. Ne3 Bb5 20. b3 Bd6 21. Rc1 g6 22. Qc2 Nd7 23. Nd2 Nb6 24. Ndc4 Nxc4 25. Bxc4 Qe7 26. Qe2 Rab8 27. Ra1 Rc7 28. a4 bxa3 29. Rxa3 Rcb7 30. Rea1 Kg7 31. Qg4 Kf8 32. Qf3 Kg7 33. g3 Qf6 34. Qxf6+ Kxf6 35. Ng4+ Ke7 36. f4 f6 37. fxe5 fxe5 38. Ne3 h5 39. Rf1 Rf8 40. Rxf8 Kxf8 41. Ra1 Ke7 42. Kf2 Rc7 43. g4 hxg4 44. hxg4 Rc8 45. Ke2 Kd7 46. Rh1 Rg8 47. Rh7+ Be7 48. Kd2 Kd6 49. Rxe7 Kxe7 50. d6+ Kf8 51. Bxg8 Kxg8 52. Nc4 Kf7 53. Nxe5+ Ke6 54. Nxg6 Kxd6 55. g5 Be8 56. Nf4 Bf7 57. Kc3 Ke5 58. g6 Bg8 59. Nd3+ Kxe4 60. Nxc5+ Kf5 61. b4 Kxg6 62. Kd4 Kf6 63. Nxa6 Ke7 64. Kc5 Kd8 65. b5 Bh7 66. Kd4 Kc8 67. Nc5 Kc7 68. Kc4 Bg8+ 69. Kb4 Bd5 70. Ka5 Kb8 71. Na6+ Kb7 72. b6 Bg2 73. Nc5+ Kb8 74. Ne6 Bf1 75. Kb4 Bg2 76. Kc5 Bf3 77. Nd8 Bg2 78. b7 1/2-1/2

[Event "Morava-ch U16"]
[Site "Havirov"]
[Date "2008.10.27"]
[Round "5"]
[White "Svoboda, Karel"]
[Black "Volcik, Ludek"]
[Result "1-0"]
[WhiteElo "1984"]
[BlackElo "1960"]
[PlyCount "97"]
[EventDate "2008.10.25"]
[EventType "swiss"]
[EventRounds "9"]
[EventCountry "CZE"]
[SourceTitle "EXT 2009"]
[Source "ChessBase"]
[SourceDate "2008.11.26"]
[SourceVersion "1"]
[SourceVersionDate "2008.11.26"]
[SourceQuality "1"]

1. e4 c6 2. d4 d5 3. exd5 cxd5 4. Bd3 Nc6 5. c3 g6 6. Bf4 Bg7 7. Nd2 Nf6 8. Ngf3 Bf5 9. Bxf5 gxf5 10. 0-0 e6 11. h3 0-0 12. Ne5 Kh8 13. Nxc6 bxc6 14. Be5 Nd7 15. Bxg7+ Kxg7 16. Nf3 Rg8 17. Qd2 Kh8 18. Qf4 Qb8 19. Qxb8 Raxb8 20. b3 f6 21. Rfe1 Rbe8 22. c4 dxc4 23. bxc4 Nb6 24. Rac1 Rg7 25. Re2 Rd7 26. Rce1 Rde7 27. Nh4 Nc8 28. c5 Kg7 29. Rb1 Rd8 30. Rb8 Kf7 31. Nf3 Red7 32. Reb2 Ke8 33. Kf1 Ne7 34. Rxd8+ Kxd8 35. Re2 e5 36. dxe5 fxe5 37. Rxe5 Rd5 38. Rxd5+ cxd5 39. Nd4 Kc7 40. Ke2 Ng6 41. Ke3 f4+ 42. Kf3 Nh4+ 43. Kxf4 Nxg2+ 44. Ke5 Ne1 45. Kxd5 Nd3 46. Ne6+ Kc8 47. f4 Kd7 48. c6+ Ke7 49. c7 1-0

[Event "Morava-ch U16"]
[Site "Havlickuv Brod"]
[Date "2007.10.28"]
[Round "9"]
[White "Svoboda, Karel"]
[Black "Fusek, Lukas"]
[Result "1/2-1/2"]
[WhiteElo "1973"]
[BlackElo "1816"]
[PlyCount "139"]
[EventDate "2007.10.24"]
[EventType "swiss"]
[EventRounds "9"]
[EventCountry "CZE"]
[SourceTitle "EXT 2022"]
[Source "ChessBase"]
[SourceDate "2021.10.06"]
[SourceVersion "1"]
[SourceVersionDate "2021.10.06"]
[SourceQuality "1"]

1. e4 e5 2. Nf3 Nc6 3. Bc4 Bc5 4. c3 Nf6 5. d4 exd4 6. e5 d5 7. Bb5 Ne4 8. cxd4 Bb4+ 9. Bd2 Bxd2+ 10. Nbxd2 Nxd2 11. Bxc6+ bxc6 12. Nxd2 0-0 13. Nb3 f6 14. 0-0 fxe5 15. dxe5 Qg5 16. Qe2 Bh3 17. f4 Bg4 18. Qc2 Qh6 19. g3 Rab8 20. Nd4 Rb6 21. Rac1 Bd7 22. Rfe1 Qg6 23. Qxg6 hxg6 24. e6 Be8 25. Re2 Kh7 26. e7 Rf6 27. Ne6 Rb7 28. Nd8 Rb6 29. Ne6 Rb7 30. g4 Kg8 31. Rc5 Rxb2 32. Rxb2 Rxe6 33. Rb7 Rxe7 34. Rxa7 Re4 35. a4 Rxf4 36. h3 Rf3 37. a5 Rxh3 38. a6 Ra3 39. Ra8 Kf7 40. Rc1 Bd7 41. a7 Ke6 42. Rb1 c5 43. Re1+ Kd6 44. Rg8 Rxa7 45. Rxg7 c4 46. Rxg6+ Kc5 47. g5 Ra3 48. Kf2 Bf5 49. Rf6 Be4 50. g6 Ra2+ 51. Re2 Ra8 52. g7 Rg8 53. Rf7 c6 54. Re3 Kb4 55. Rb7+ Kc5 56. Rh3 d4 57. Rh8 Bd5 58. Rxg8 Bxg8 59. Rb8 Bd5 60. g8Q Bxg8 61. Rxg8 c3 62. Ke2 Kc4 63. Rg4 c5 64. Rg5 Kb4 65. Kd3 c4+ 66. Kxd4 c2 67. Rg1 Kb3 68. Rc1 Kb2 69. Rxc2+ Kxc2 70. Kxc4 1/2-1/2

[Event "Morava-ch U16"]
[Site "Havlickuv Brod"]
[Date "2007.10.24"]
[Round "1"]
[White "Svoboda, Karel"]
[Black "Slivova, Veronika"]
[Result "1-0"]
[WhiteElo "1973"]
[BlackElo "1468"]
[PlyCount "65"]
[EventDate "2007.10.24"]
[EventType "swiss"]
[EventRounds "9"]
[EventCountry "CZE"]
[SourceTitle "EXT 2022"]
[Source "ChessBase"]
[SourceDate "2021.10.06"]
[SourceVersion "1"]
[SourceVersionDate "2021.10.06"]
[SourceQuality "1"]

1. e4 e5 2. Nf3 Nc6 3. Bc4 Bc5 4. c3 Nf6 5. d4 exd4 6. e5 Ng4 7. cxd4 Bb4+ 8. Bd2 Bxd2+ 9. Nbxd2 d5 10. Bb5 Bd7 11. Bd3 0-0 12. Qb3 Bc8 13. 0-0 Nxd4 14. Nxd4 c5 15. N4f3 c4 16. Nxc4 dxc4 17. Bxc4 Qe7 18. Rfe1 b6 19. Bd5 Bb7 20. Bxb7 Qxb7 21. e6 Nf6 22. Ng5 fxe6 23. Nxe6 Kh8 24. Nxf8 Rxf8 25. Qe6 Qb8 26. h3 Re8 27. Qf5 Rf8 28. Qe5 Qc8 29. Rac1 Qa6 30. Qe7 Rg8 31. a3 Qa5 32. Qe6 Qb5 33. Rc8 1-0

[Event "Brno Trade op"]
[Site "Brno"]
[Date "2007.09.01"]
[Round "7"]
[White "Kratochvil, Milan"]
[Black "Svoboda, Karel"]
[Result "1-0"]
[WhiteElo "2102"]
[BlackElo "1893"]
[PlyCount "93"]
[EventDate "2007.08.26"]
[EventType "swiss"]
[EventRounds "7"]
[EventCountry "CZE"]
[SourceTitle "EXT 2008"]
[Source "ChessBase"]
[SourceDate "2007.11.25"]
[SourceVersion "1"]
[SourceVersionDate "2007.11.25"]
[SourceQuality "1"]

1. d4 d5 2. c4 e6 3. Nc3 Nf6 4. cxd5 exd5 5. Bg5 Be7 6. Nf3 c6 7. Qc2 0-0 8. e3 Bg4 9. Bd3 Nbd7 10. Ne5 h6 11. h3 Be6 12. Bf4 Nxe5 13. Bxe5 Bd6 14. g4 Ne8 15. 0-0-0 f6 16. Bxd6 Nxd6 17. Rdg1 Kf7 18. f4 Ke7 19. g5 f5 20. gxh6 gxh6 21. Rg6 Rf6 22. Rhg1 Qh8 23. Qf2 Rxg6 24. Rxg6 Rf8 25. Ne2 Kf7 26. Rg2 Rg8 27. Rxg8 Qxg8 28. Qh4 Qh8 29. Qh5+ Ke7 30. Ng3 Qf6 31. Kc2 Kd7 32. b4 Kc7 33. a4 Bf7 34. Qf3 a6 35. a5 Bg6 36. Qf1 Qg7 37. Qg1 Qf6 38. Ne2 Bh5 39. Nc3 Bf3 40. Kb2 Bh5 41. Qg2 Qe7 42. Qg3 Ne4 43. Bxe4 Qxb4+ 44. Kc2 fxe4 45. Qg7+ Kb8 46. Qh8+ Ka7 47. Qh7 1-0

[Event "CZE-ch U14"]
[Site "Sec u Chrudimi"]
[Date "2007.03.11"]
[Round "2"]
[White "Ruzicka, Vaclav"]
[Black "Svoboda, Karel"]
[Result "1-0"]
[WhiteElo "1890"]
[BlackElo "1943"]
[PlyCount "96"]
[EventDate "2007.03.10"]
[EventType "swiss"]
[EventRounds "9"]
[EventCountry "CZE"]
[SourceTitle "EXT 2008"]
[Source "ChessBase"]
[SourceDate "2007.11.25"]
[SourceVersion "1"]
[SourceVersionDate "2007.11.25"]
[SourceQuality "1"]

1. c4 e5 2. Nc3 Nf6 3. d3 d6 4. g3 Nc6 5. Bg2 Be7 6. e3 0-0 7. Nge2 Nd7 8. 0-0 Nb6 9. b3 f5 10. Bb2 Bf6 11. a3 a5 12. Qc2 Qe7 13. Rad1 g6 14. d4 e4 15. Nf4 Qf7 16. Rd2 Ne7 17. Rfd1 g5 18. Nfe2 a4 19. Nxa4 Rxa4 20. bxa4 Nxc4 21. Rc1 Nxd2 22. Qxd2 c6 23. Qb4 d5 24. a5 Qe8 25. Nc3 Ng6 26. Na4 Be7 27. Qb6 Bd8 28. Qb4 Be7 29. Nc5 Rf7 30. Qa4 Bxc5 31. Rxc5 Rc7 32. Qb3 Nf8 33. Bf1 Ne6 34. Rc1 Bd7 35. a4 Qa8 36. Qb6 Bc8 37. Ba3 Kf7 38. Bd6 Rd7 39. Be5 Nd8 40. Be2 g4 41. h3 h5 42. Kh2 Kg6 43. h4 Kf7 44. Kg1 Kg6 45. Bf4 Kf7 46. Kf1 Kg7 47. Kg1 Nf7 48. Bg5 Ne5 1-0

[Event "Brno Trade op"]
[Site "Brno"]
[Date "2006.09.02"]
[Round "7"]
[White "Svoboda, Karel"]
[Black "Steinhauser, Dominik"]
[Result "1/2-1/2"]
[WhiteElo "1785"]
[BlackElo "1904"]
[PlyCount "65"]
[EventDate "2006.08.27"]
[EventType "swiss"]
[EventRounds "9"]
[EventCountry "CZE"]
[SourceTitle "EXT 2007"]
[Source "ChessBase"]
[SourceDate "2006.11.23"]
[SourceVersion "1"]
[SourceVersionDate "2006.11.23"]
[SourceQuality "1"]

1. e4 d5 2. exd5 Qxd5 3. Nc3 Qa5 4. d4 c6 5. Nf3 Nf6 6. Be2 Bf5 7. 0-0 e6 8. Bf4 Nbd7 9. h3 h6 10. Bd3 g5 11. Bh2 g4 12. hxg4 Nxg4 13. Bg3 0-0-0 14. Ne2 Ndf6 15. Bxf5 Qxf5 16. Ne5 Nxe5 17. Bxe5 Bd6 18. Ng3 Qg6 19. Qe2 Rhg8 20. c3 h5 21. Bxf6 Qxf6 22. Ne4 Qg6 23. Nxd6+ Rxd6 24. f4 h4 25. Rf3 Qg4 26. Kh2 Rd5 27. Qf2 Rh5 28. Rh3 Rf5 29. Rxh4 Rh5 30. Rxh5 Qxh5+ 31. Kg1 Rh8 32. Kf1 Qg4 33. Kg1 1/2-1/2